ბათუმის შოთა რუსთაველის სახელმწიფო უნივერსიტეტის ბიბლიოთეკა

Мелиоративное земледелие (ბიბ.ჩანაწერი № 45962)

000 -LEADER
fixed length control field 00617nam a2200217Ia 4500
001 - CONTROL NUMBER
control field 12791
003 - CONTROL NUMBER IDENTIFIER
control field GE_BSU
008 - FIXED-LENGTH DATA ELEMENTS--GENERAL INFORMATION
fixed length control field 181216s||||||||xx |||||||||||||| ||und||
040 ## - CATALOGING SOURCE
Transcribing agency GE_BSU
080 ## - UNIVERSAL DECIMAL CLASSIFICATION NUMBER
Universal Decimal Classification number 631.6(075.8)
100 ## - MAIN ENTRY--PERSONAL NAME
Personal name Ярмизин,Д.В. Лысогоров,С.Д. Балан,А.Г.
245 ## - TITLE STATEMENT
Title Мелиоративное земледелие
245 ## - TITLE STATEMENT
Remainder of title Учебник
245 ## - TITLE STATEMENT
Statement of responsibility, etc. Ред.М.Г.Быкова
260 ## - PUBLICATION, DISTRIBUTION, ETC.
Place of publication, distribution, etc. Москва
260 ## - PUBLICATION, DISTRIBUTION, ETC.
Name of publisher, distributor, etc. Колос
260 ## - PUBLICATION, DISTRIBUTION, ETC.
Date of publication, distribution, etc. 1966
300 ## - PHYSICAL DESCRIPTION
Extent 424стр.илл.20см.
653 ## - INDEX TERM--UNCONTROLLED
Uncontrolled term Мелиоративное земледелие
942 ## - ADDED ENTRY ELEMENTS (KOHA)
Koha item type წიგნი
ეგზემპლარები
Withdrawn status Lost status Damaged status Not for loan Date acquired Barcode Date last seen Price effective from Koha item type
        2018-12-17 20995 2018-12-17 2018-12-17 წიგნი